[Event "Muensterland Verbandsklasse 1718"]
[Site "Germany"]
[Date "2018.04.28"]
[Round "9.2"]
[White "Harbers, Gerard"]
[Black "Krosenbrink, Marcel"]
[Result "1/2-1/2"]
[WhiteElo "1905"]
[BlackElo "1954"]
[PlyCount "138"]
[EventDate "2017.09.16"]
[EventType "team-tourn"]
[EventRounds "9"]
[EventCountry "GER"]
[SourceTitle "EXT 2019"]
[Source "ChessBase"]
[SourceDate "2018.10.10"]
[SourceVersion "1"]
[SourceVersionDate "2018.10.10"]
[SourceQuality "1"]
[WhiteTeam "Suedlohn II"]
[BlackTeam "Stadtlohn"]
[WhiteTeamCountry "GER"]
[BlackTeamCountry "GER"]

1. e4 d6 2. d4 Nf6 3. Nc3 Nbd7 4. Nf3 e5 5. Bc4 Be7 6. Ng5 d5 7. exd5 0-0 8. 0-0 Nb6 9. Bb3 exd4 10. Qxd4 c5 11. Qd3 h6 12. Nge4 Re8 13. Nxf6+ Bxf6 14. Bf4 Bg4 15. Rfe1 Rc8 16. Bc4 Nxc4 17. Qxc4 Bf5 18. Nb5 Rxe1+ 19. Rxe1 Qa5 20. c3 Bd7 21. Nd6 b5 22. Qe4 Rf8 23. a3 Qb6 24. Bg3 a5 25. Qf3 b4 26. axb4 axb4 27. Ne4 Bd8 28. Rd1 Ba4 29. Rc1 c4 30. h4 Bd7 31. Bd6 bxc3 32. Qxc3 Re8 33. Bc5 Qg6 34. Nd6 Re2 35. Qg3 Qxg3 36. fxg3 Rd2 37. Rxc4 Rxd5 38. b4 Bc7 39. Ne4 Be5 40. Rc2 f5 41. Rd2 Rxd2 42. Nxd2 Bxg3 43. Nf3 Kf7 44. Kf1 Ke6 45. Ke2 Kd5 46. Bf8 Bb5+ 47. Kd2 Bf4+ 48. Ke1 g6 49. Kf2 Ke4 50. Bc5 g5 51. hxg5 hxg5 52. g3 Bc1 53. Be7 g4 54. Nh4 Be3+ 55. Kg2 Bd7 56. Ng6 Bc6 57. Nh4 Kd5 58. Kf1 Bb5+ 59. Kg2 Bd3 60. Bf8 Kc4 61. Ng6 Be4+ 62. Kf1 Bd2 63. Kf2 Bc3 64. Ke3 Bf6 65. Be7 Bd4+ 66. Kf4 Bb6 67. Bd6 Kd3 68. Ne5+ Ke2 69. Nxg4 Bc2 1/2-1/2

[Event "Vlissingen HZ op 20th"]
[Site "Vlissingen"]
[Date "2016.08.06"]
[Round "1"]
[White "Zelbel, Patrick"]
[Black "Krosenbrink, Marcel"]
[Result "1-0"]
[WhiteElo "2445"]
[BlackElo "1894"]
[PlyCount "43"]
[EventDate "2016.08.06"]
[EventType "swiss"]
[EventRounds "9"]
[EventCountry "NED"]
[SourceTitle "CBM 173 Extra"]
[Source "ChessBase"]
[SourceDate "2016.08.29"]
[SourceVersion "1"]
[SourceVersionDate "2016.08.29"]
[SourceQuality "1"]

1. e4 c6 2. c4 d5 3. exd5 cxd5 4. cxd5 Nf6 5. Nc3 Nxd5 6. Nf3 Nxc3 7. bxc3 g6 8. Bb5+ Bd7 9. a4 Bg7 10. 0-0 0-0 11. d4 a6 12. Bd3 Nc6 13. Re1 Re8 14. Bc4 Na5 15. Ba2 b5 16. Ng5 e6 17. Qf3 Bf6 18. Ne4 Be7 19. d5 f5 20. Ng5 Bxg5 21. dxe6 Bxe6 22. Rxe6 1-0

[Event "Vellmar op 8th"]
[Site "Vellmar"]
[Date "2016.07.31"]
[Round "6"]
[White "Flach, Helene"]
[Black "Krosenbrink, Marcel"]
[Result "1/2-1/2"]
[WhiteElo "1712"]
[BlackElo "1894"]
[PlyCount "48"]
[EventDate "2016.07.28"]
[EventType "swiss"]
[EventRounds "7"]
[EventCountry "GER"]
[SourceTitle "CBM 173 Extra"]
[Source "ChessBase"]
[SourceDate "2016.08.29"]
[SourceVersion "1"]
[SourceVersionDate "2016.08.29"]
[SourceQuality "1"]

1. e4 c6 2. d4 d5 3. Nc3 dxe4 4. Nxe4 Nf6 5. Nxf6+ gxf6 6. c3 Bf5 7. Nf3 Qc7 8. g3 Nd7 9. Bg2 0-0-0 10. 0-0 h5 11. Qe2 e5 12. Be3 Kb8 13. b4 Bg4 14. Qc2 Nb6 15. dxe5 Bxf3 16. Bxf3 fxe5 17. Bg5 Be7 18. Bxe7 Qxe7 19. a4 h4 20. Rfe1 Qe6 21. Rad1 hxg3 22. Rxd8+ Rxd8 23. fxg3 f5 24. Rd1 Rxd1+ 1/2-1/2

[Event "Vellmar op 8th"]
[Site "Vellmar"]
[Date "2016.07.30"]
[Round "5"]
[White "Krosenbrink, Marcel"]
[Black "Doerge, Sven"]
[Result "0-1"]
[WhiteElo "1894"]
[BlackElo "2039"]
[PlyCount "128"]
[EventDate "2016.07.28"]
[EventType "swiss"]
[EventRounds "7"]
[EventCountry "GER"]
[SourceTitle "CBM 173 Extra"]
[Source "ChessBase"]
[SourceDate "2016.08.29"]
[SourceVersion "1"]
[SourceVersionDate "2016.08.29"]
[SourceQuality "1"]

1. e4 e5 2. Nf3 Nc6 3. Bb5 Bc5 4. 0-0 d6 5. d4 exd4 6. Nxd4 Bd7 7. Nxc6 bxc6 8. Bd3 Rb8 9. Qf3 Nf6 10. Nd2 Ng4 11. h3 Ne5 12. Qg3 Qf6 13. Be2 h5 14. Nb3 Bb6 15. Qg5 c5 16. c4 Be6 17. Qxf6 gxf6 18. Nd2 Ba5 19. b3 Bc3 20. Rb1 f5 21. f4 Nc6 22. Bf3 Nb4 23. exf5 Bxf5 24. Be4 Bd4+ 25. Kh2 Bxe4 26. Nxe4 Nxa2 27. Bb2 Bxb2 28. Rxb2 Nb4 29. Re2 Kf8 30. Nc3 a6 31. f5 Re8 32. Rxe8+ Kxe8 33. Kg3 Rg8+ 34. Kh2 f6 35. Ne4 Kf7 36. Ng3 h4 37. Nh5 Nd3 38. Rf3 Ne1 39. Rf2 Rg5 40. g4 hxg3+ 41. Nxg3 Nd3 42. Ra2 Nb4 43. Re2 Nc6 44. Re4 Nd4 45. h4 Rg8 46. b4 a5 47. bxa5 Ra8 48. h5 Rxa5 49. h6 Ra2+ 50. Kh3 Nf3 51. Kg4 Ng5 52. Rf4 Rg2 53. Rf1 Ne4 54. Kf3 Nxg3 55. Ra1 Nxf5 56. Kxg2 Nxh6 57. Ra7 Ke6 58. Rxc7 Ng4 59. Rc8 Ne3+ 60. Kf3 Nxc4 61. Re8+ Kd5 62. Rf8 Ne5+ 63. Ke2 Nd7 64. Kd3 Nxf8 0-1

[Event "Vellmar op 8th"]
[Site "Vellmar"]
[Date "2016.07.28"]
[Round "1"]
[White "Krosenbrink, Marcel"]
[Black "Viebahn, Dirk"]
[Result "0-1"]
[WhiteElo "1894"]
[BlackElo "2155"]
[PlyCount "80"]
[EventDate "2016.07.28"]
[EventType "swiss"]
[EventRounds "7"]
[EventCountry "GER"]
[SourceTitle "CBM 173 Extra"]
[Source "ChessBase"]
[SourceDate "2016.08.29"]
[SourceVersion "1"]
[SourceVersionDate "2016.08.29"]
[SourceQuality "1"]

1. e4 e5 2. Nf3 Nc6 3. Bb5 a6 4. Bxc6 dxc6 5. 0-0 Bg4 6. h3 Bh5 7. d3 Bc5 8. Be3 Bxe3 9. fxe3 Qe7 10. Qe1 Bxf3 11. Rxf3 0-0-0 12. b4 Nf6 13. a4 b6 14. Na3 c5 15. bxc5 Qxc5 16. Nc4 Rde8 17. Qg3 Rhg8 18. Rf5 Kb7 19. Qf3 Ka7 20. Kh2 Re6 21. Rb1 h6 22. Qf1 Qe7 23. Rb3 g6 24. Rf3 Rf8 25. Na3 Nd7 26. Nb1 Nc5 27. Ra3 Rc6 28. Ra1 Ne6 29. c4 Qb4 30. Na3 f5 31. exf5 gxf5 32. Rf2 f4 33. Nc2 Qd6 34. a5 e4 35. axb6+ Rxb6 36. Kh1 exd3 37. Na3 Kb7 38. exf4 Nc5 39. Rb1 Ne4 40. Rxb6+ cxb6 0-1

[Event "Vellmar op 7th"]
[Site "Vellmar"]
[Date "2015.08.07"]
[Round "3"]
[White "Krosenbrink, Marcel"]
[Black "Fischer, Andreas"]
[Result "0-1"]
[WhiteElo "1982"]
[BlackElo "1807"]
[PlyCount "76"]
[EventDate "2015.08.06"]
[EventType "swiss"]
[EventRounds "7"]
[EventCountry "GER"]
[SourceTitle "CBM 167 Extra"]
[Source "ChessBase"]
[SourceDate "2015.09.14"]
[SourceVersion "1"]
[SourceVersionDate "2015.09.14"]
[SourceQuality "1"]

1. e4 c5 2. Nc3 e6 3. f4 Nc6 4. Nf3 g6 5. Bc4 Bg7 6. f5 Ne5 7. Nxe5 Bxe5 8. Qf3 Ne7 9. d3 Nc6 10. Bh6 Qh4+ 11. Kd1 Qxh6 12. Rf1 Nd4 13. Qf2 Qh5+ 14. Kc1 gxf5 15. h3 Qg5+ 16. Kb1 Bg3 17. Qg1 b6 18. exf5 Nxf5 19. Ne4 Qg7 20. a4 d5 21. Bb5+ Bd7 22. Nc3 Nd6 23. Ka2 Bxb5 24. axb5 a6 25. Kb3 c4+ 26. dxc4 dxc4+ 27. Kb4 Qf8 28. Rxa6 Nb7+ 29. Kxc4 Na5+ 30. Kd3 Qd6+ 31. Ke2 Rxa6 32. bxa6 f5 33. Rf3 Nc4 34. Qc1 Qe5+ 35. Kd3 b5 36. b3 Kf7 37. Qg5 Nb2+ 38. Kd2 Qe1# 0-1

[Event "Rheinland Pfalz op 3rd"]
[Site "Gau Algesheim"]
[Date "2011.07.29"]
[Round "2"]
[White "Stahnecker, Ludwig"]
[Black "Krosenbrink, Marcel"]
[Result "1-0"]
[WhiteElo "2084"]
[BlackElo "1868"]
[PlyCount "39"]
[EventDate "2011.07.28"]
[EventType "swiss"]
[EventRounds "7"]
[EventCountry "GER"]
[SourceTitle "EXT 2013"]
[Source "ChessBase"]
[SourceDate "2012.11.22"]
[SourceVersion "1"]
[SourceVersionDate "2012.11.22"]
[SourceQuality "1"]

1. e4 c6 2. d4 d5 3. exd5 cxd5 4. c4 Nf6 5. Nc3 Nc6 6. Nf3 Bg4 7. cxd5 Nxd5 8. Qb3 Bxf3 9. gxf3 Nb6 10. Bb5 e6 11. Be3 Bd6 12. Rg1 g6 13. Bh6 Qh4 14. Ne4 Qxh2 15. Ke2 Qxh6 16. Bxc6+ bxc6 17. Nxd6+ Kf8 18. Rg4 Qh5 19. Rf4 Qd5 20. Nxf7 1-0

[Event "Muensterland Verbandsliga 0607"]
[Site "Germany"]
[Date "2006.09.16"]
[Round "1.5"]
[White "Rehfeldt, Frank"]
[Black "Krosenbrink, Marcel"]
[Result "1/2-1/2"]
[WhiteElo "2047"]
[BlackElo "1860"]
[PlyCount "72"]
[EventDate "2006.09.16"]
[EventType "team"]
[EventRounds "9"]
[EventCountry "GER"]
[SourceTitle "EXT 2008"]
[Source "ChessBase"]
[SourceDate "2007.11.25"]
[SourceVersion "1"]
[SourceVersionDate "2007.11.25"]
[SourceQuality "1"]
[WhiteTeam "Westbevern"]
[BlackTeam "Stadtlohn"]
[WhiteTeamCountry "GER"]
[BlackTeamCountry "GER"]

1. e4 c5 2. Nf3 Nc6 3. d4 cxd4 4. Nxd4 Nf6 5. Nc3 e5 6. Ndb5 d6 7. Bg5 a6 8. Na3 b5 9. Bxf6 gxf6 10. Nd5 Bg7 11. Bd3 Be6 12. c3 Bxd5 13. exd5 Ne7 14. Qh5 Qd7 15. Rd1 f5 16. Bc2 e4 17. 0-0 Rc8 18. Nb1 b4 19. Qg5 Ng6 20. Qd2 Ne5 21. cxb4 Nc4 22. Qg5 Bxb2 23. Bb3 h6 24. Qh5 Bg7 25. Qe2 Ne5 26. Qxa6 0-0 27. Rc1 Nd3 28. Ba4 Qd8 29. Rxc8 Qxc8 30. Qxc8 Rxc8 31. a3 Bd4 32. Bc6 e3 33. fxe3 Bxe3+ 34. Kh1 Nf2+ 35. Kg1 Nh3+ 36. Kh1 Nf2+ 1/2-1/2

[Event "Muensterland Verbandsklasse-B 0506"]
[Site "Germany"]
[Date "2006.05.06"]
[Round "9.5"]
[White "Krosenbrink, Marcel"]
[Black "Gesing, Felix"]
[Result "1-0"]
[WhiteElo "1813"]
[BlackElo "1807"]
[PlyCount "63"]
[EventDate "2005.09.03"]
[EventType "team"]
[EventRounds "9"]
[EventCountry "GER"]
[SourceTitle "EXT 2006"]
[Source "ChessBase"]
[SourceDate "2005.11.24"]
[SourceVersion "1"]
[SourceVersionDate "2005.11.24"]
[SourceQuality "1"]
[WhiteTeam "Stadtlohn"]
[BlackTeam "Raesfeld Erle"]
[WhiteTeamCountry "GER"]
[BlackTeamCountry "GER"]

1. e4 c5 2. Nc3 e6 3. f4 d5 4. Bb5+ Nc6 5. Nf3 d4 6. Bxc6+ bxc6 7. Ne2 Nf6 8. d3 Rb8 9. b3 g6 10. 0-0 Bg7 11. Ng3 0-0 12. Qe1 Ng4 13. Rb1 e5 14. h3 Ne3 15. Bxe3 dxe3 16. Nxe5 Bxe5 17. fxe5 Qd4 18. Rf3 e2+ 19. Qf2 Qxe5 20. Nxe2 Be6 21. Qg3 Qg7 22. Qf2 Qe5 23. Rf1 a5 24. Nf4 c4 25. Nxe6 Qxe6 26. Rf6 Qe7 27. dxc4 Rb7 28. Rxc6 Qxe4 29. Ra6 Rd7 30. Rxa5 Rfd8 31. Rd5 f5 32. Re1 1-0

[Event "Muensterland Verbandsklasse-B 0506"]
[Site "Germany"]
[Date "2005.09.03"]
[Round "1.5"]
[White "Berau, Juergen"]
[Black "Krosenbrink, Marcel"]
[Result "1/2-1/2"]
[WhiteElo "1695"]
[BlackElo "1813"]
[PlyCount "37"]
[EventDate "2005.09.03"]
[EventType "team"]
[EventRounds "9"]
[EventCountry "GER"]
[SourceTitle "EXT 2006"]
[Source "ChessBase"]
[SourceDate "2005.11.24"]
[SourceVersion "1"]
[SourceVersionDate "2005.11.24"]
[SourceQuality "1"]
[WhiteTeam "Luedinghausen"]
[BlackTeam "Stadtlohn"]
[WhiteTeamCountry "GER"]
[BlackTeamCountry "GER"]

1. c4 e5 2. Nc3 f5 3. g3 Nf6 4. Bg2 Be7 5. d3 0-0 6. Nh3 c6 7. 0-0 d6 8. Rb1 Qe8 9. f4 Nbd7 10. b4 exf4 11. Nxf4 Ne5 12. b5 g5 13. Nh3 h6 14. bxc6 bxc6 15. Nf2 Qh5 16. d4 Neg4 17. Nxg4 Nxg4 18. h3 Nf6 19. e3 1/2-1/2